Personnages Monster high - Statistiques

Statistiques générales
  • Ce quiz a été pris 309 fois
    251 depuis la dernière actualisation
  • Le résultat moyen est 37 sur 79
Statistiques - réponses
Par images Réponse % Correct
Cleo de Nile
100%
Frankie Stein
99%
Clawd Wolf
98%
Draculaura
98%
Clawdeen Wolf
96%
Ghoulia Yelps
94%
Lagoona Blue
94%
Spectra Vondergeist
94%
Operetta
93%
Venus McFlytrap
90%
Rochelle Goyle
89%
Toralei Stripe
89%
Abbey Bominable
83%
Nefera de Nile
83%
Gigi Grant
80%
Deuce Gorgon
79%
C.A. Cupid
78%
Catty Noir
78%
Howleen Wolf
77%
Jinafire Long
74%
Robecca Steam
72%
Thomas Cramé
72%
Gil Webber
68%
Elissabat
67%
Clawdia Wolf
66%
Twyla
59%
Kieran Valentine "Valentin"
57%
Sirena Von Boo
56%
Scarah Screams
54%
Jackson Jekyll
53%
Purrsephone
53%
Meowlody
51%
Skelita Calaveras
49%
Viperine Gorgon
49%
Holt Hyde
48%
Luna Mothews
46%
Manny Taur
45%
Bruno Vaudou
43%
Iris Clops
43%
Honey Swamp
41%
Djinni "Whisp" Grant
39%
Dracubecca
38%
Grotoumou
33%
Porter Geiss
33%
Catrine Demew
31%
Cleolei
31%
Invisi Billy
29%
Kiyomi Haunterly
29%
Lagoonafire
29%
Bonita Femur
28%
Ramsès de Nile
28%
Astranova
26%
Elle Eedee
26%
River Styxx
26%
Casta Fierce
24%
Clawvenus
24%
Isi Dawndancer
24%
Pearl Serpentine
23%
Vandala Doubloons
23%
Jane Boolittle
22%
Amanita Nightshade
21%
Garrott du Roque
21%
Wydowna Spider
21%
Johnny Spirit
20%
Avea Trotter
19%
Neighthan Rot
19%
Gooliope Jellington
18%
Kala Mer'ri
18%
Lorna McNessie
18%
Proviseur Santête
18%
Batsy Claro
17%
Mouscedes King
16%
Peri Serpentine
15%
Kjersti Trollson
13%
Marisol Coxi
13%
Posea Reef
13%
Gilda Goldstag
12%
Principal Revenant
9%
Moanatella Ghostier
8%
Aucun quiz correspondant
Distribution des résultats
% des personnes avec chaque résultat
Percentile par nombre de réponses
Votre historique - résultats
Vous n’avez pas pris ce quiz depuis la dernière actualisation